Statistics for Pittsburgh (PIT) Airport Destinations

Click here to take the quiz!

General Stats

  • This quiz has been taken 65 times
  • The average score is 24 of 50

Answer Stats

HintAnswer% Correct
Southwest, DeltaAtlanta
91%
Southwest, Spirit, FrontierOrlando
83%
AmericanMiami
80%
AmericanPhiladelphia
78%
Air CanadaToronto
78%
Delta, JetBlueBoston
76%
SpiritLos Angeles
76%
Air CanadaMontreal
76%
UnitedNewark
76%
DeltaDetroit
74%
UnitedSan Francisco
74%
AlaskaSeattle
74%
Southwest, SpiritTampa
74%
SouthwestBaltimore
67%
United, Southwest, FrontierDenver
67%
AmericanCharlotte
65%
Southwest, Spirit, JetBlueFort Lauderdale
65%
Southwest, SpiritLas Vegas
63%
American, SouthwestPhoenix
63%
DeltaMinneapolis
61%
AllegiantAustin
59%
AllegiantJacksonville
57%
AllegiantNew Orleans
57%
American, DeltaRaleigh
57%
DeltaSalt Lake City
57%
Southwest, AllegiantNashville
54%
SouthwestSt. Louis
54%
Southwest, Spirit, UnitedFort Myers
52%
AllegiantSarasota
46%
American, UnitedChicago (O'Hare)
43%
American, DeltaNew York (JFK)
43%
SouthwestChicago (Midway)
41%
Allegiant, SpiritMyrtle Beach
41%
SpiritCancun
37%
AllegiantSavannah
37%
AllegiantSt. Petersburg
35%
CondorFrankfurt
33%
Allegiant, JetBlueWest Palm Beach
28%
American, DeltaNew York (LGA)
22%
AllegiantPunta Gorda
22%
AllegiantFort Walton Beach
17%
AmericanDallas (DFW)
15%
AllegiantSanford
15%
UnitedHouston (IAH)
11%
British AirwaysLondon (LHR)
9%
SouthwestDallas (DAL)
7%
SouthwestHouston (HOU)
4%
AmericanWashington DC (DCA)
2%
UnitedWashington DC (IAD)
2%
AllegiantCharleston (CHS)
0%

Score Distribution

Percentile by Number Answered

Percent of People with Each Score

Your Score History

You have not taken this quiz